01831nam a2200277 i 4500003000900000005001700009007000300026008004100029020001800070040003000088041000800118082001900126100005300145245028400198250002300482264008900505300005100594336002700645337003400672338003100706504004100737505063500778700004401413700005801457700003801515DO-SdBNP20250609144346.0ta250421b2024 dr a|||| |||| 00| 0 spa d a9789945960695 aDO-SdBNPbspacBNPHUerda aspa 4axxxbP762h2221 aPolanco Martínez, Jesús Maríaeautor4aut.10aHuellas de Juan Bosch :bpolémico pensador de Las Américas. Contraste entre el escritor y el político. Un ensayo crítico /cJesús María Polanco Martínez ; editor, Lennys Tejada Betancourt ; diagramación y diseño, Rafael Emilio Genao ; ilustrador, Camilo Canela. aPrimera edición  4aSantiago de los Caballeros, República Dominicana :bEditorial De la Rosa,c©2024. a271, [9] páginas :bilustraciones ;c23 cm.  atextobtxt2rdacontent asin mediación bn2rdamedia avolumen bnc2rdacarrier  aBibliografía: páginas [272-279]  aPrólogo, 9.-- Notas introductorias, 17.-- Publicaciones de su juventud, 23.-- El exilio de Juan Bosch, 43.-- Mirada al contenido social en los cuentos de Bosch, 51.-- Aproximación al análisis de sus obras, 63.-- Evolución de su pensamiento e ideología, 103.-- Magisterio político y organizador de masas, 135.-- Constante lucha por la toma del poder, 149.-- Postura de Bosch durante los 12 años de Balaguer, 175.-- Papel de Bosch en las elecciones de 1982, 1986, 1990 y 1994, 211.-- Actos de Bosch generadores de interrogantes, 221.-- Balance de la trayectoria de Juan Bosch, 249.-- Referencias bibliográficas, 273.1 aTejada Betancourt, Lennys,eeditor4ed.1 aGenao, Rafael Emilio,ediagramación y diseño4di.1 aCanela, Camilo,eilustrador 4il.